000 00221nam a2200097Ia 4500
005 20251222175816.0
008 251222s9999||||xx |||||||||||||| ||spa||
082 _aDVD0080/A64/2006
245 0 _aAmazing grace:
942 _cDVD
999 _c40333
_d40333